| 000 | 00392nam a2200145Ia 4500 | ||
|---|---|---|---|
| 008 | 230312s9999||||xx |||||||||||||| ||und|| | ||
| 020 | _a978-1844004539 | ||
| 082 |
_a641.555 _bRAM-G |
||
| 100 | _aRamsay's Gordon | ||
| 245 | 0 | _aGordon Ramsay's fast food : recipes from the f word | |
| 260 |
_bQuadrille _aItaly _c2007 |
||
| 300 | _a255 | ||
| 650 |
_aFood Science _vFood Industry |
||
| 942 | _cBK | ||
| 999 |
_c14278 _d14278 |
||